La aventura de Miguel Littín, clandestino en Chile / (Record no. 197809)

MARC details
000 -LEADER
campo de control de longitud fija 01425nam a2200385 i 4500
001 - NÚMERO DE CONTROL
campo de control 197809
003 - IDENTIFICADOR DE NÚMERO DE CONTROL
campo de control ES-MaACL
005 - FECHA Y HORA DE LA ÚLTIMA TRANSACCIÓN
campo de control 20250904063114.0
008 - DATOS DE LONGITUD FIJA--INFORMACIÓN GENERAL
campo de control de longitud fija 250521s1986 sp bspa
016 7# - NÚMERO DE CONTROL DE UNA AGENCIA BIBLIOGRÁFICA NACIONAL
Número de control del registro bimoBNE19921294590
Número de control cancelado/no válido IBH8605117877
Fuente SpMaBN
017 ## - NÚMERO DE COPYRIGHT O DE DEPÓSITO LEGAL
Número de copyright o de depósito legal M 17763-1986
Agencia que asigna Oficina Depósito Legal Madrid
020 ## - NÚMERO INTERNACIONAL ESTÁNDAR DEL LIBRO
Número Internacional Estándar del Libro 8486459095
035 ## - NÚMERO DE CONTROL DEL SISTEMA
Número de control de sistema (OCoLC)433950188
035 ## - NÚMERO DE CONTROL DEL SISTEMA
Número de control de sistema (SpMaBN)bimo0000213240
040 ## - FUENTE DE CATALOGACIÓN
Centro catalogador/agencia de origen IBH
Lengua de catalogación spa
Centro/agencia transcriptor SpMaBN
Normas de descripción rdc
080 ## - NÚMERO DE LA CLASIFICACIÓN DECIMAL UNIVERSAL
Número de la Clasificación Decimal Universal 860(861)-94"19"
080 ## - NÚMERO DE LA CLASIFICACIÓN DECIMAL UNIVERSAL
Número de la Clasificación Decimal Universal 92 Littín, Miguel
100 1# - ENTRADA PRINCIPAL--NOMBRE DE PERSONA
Nombre de persona García Márquez, Gabriel,
Fechas asociadas al nombre 1927-2014
9 (RLIN) 242191
Término indicativo de función/relación Autor
245 13 - MENCIÓN DEL TÍTULO
Título La aventura de Miguel Littín, clandestino en Chile /
Mención de responsabilidad, etc. Gabriel García Márquez.
260 ## - PUBLICACIÓN, DISTRIBUCIÓN, ETC.
Lugar de publicación, distribución, etc. Madrid :
Nombre del editor, distribuidor, etc. Ediciones El País,
Fecha de publicación, distribución, etc. 1986.
264 ## - PRODUCCIÓN, PUBLICACIÓN, DISTRIBUCIÓN, FABRICACIÓN Y COPYRIGHT
Fecha de producción, publicación, distribución, fabricación o copyright ©1986.
300 ## - DESCRIPCIÓN FÍSICA
Extensión 145 páginas ;
Dimensiones 21 cm.
336 ## - TIPO DE CONTENIDO
Fuente rdacontent
Término de tipo de contenido texto
337 ## - TIPO DE MEDIO
Fuente rdamedia
Nombre/término del tipo de medio sin mediación
338 ## - TIPO DE SOPORTE
Fuente rdacarrier
Nombre/término del tipo de soporte volumen
490 1# - MENCIÓN DE SERIE
Mención de serie En El País ;
Designación de volumen o secuencia 10
600 10 - PUNTO DE ACCESO ADICIONAL DE MATERIA--NOMBRE DE PERSONA
Nombre de persona Littin, Miguel,
Fechas asociadas al nombre 1942-
Fuente del encabezamiento o término embne
9 (RLIN) 242082
655 #0 - TERMINO DE INDIZACIÓN--GENERO/FORMA
9 (RLIN) 176647
Datos o término principal de género/forma Biografías
852 ## - LOCALIZACIÓN
Ubicación ES-MaACL
Ubicación en estantería Depósito J
Número de control de estantería N-10635
Donativo/Legado Donación: José Lázaro García
Encuadernación Encuadernación rústica con solapas
itemnumber 206758
903 ## - NOMBRE PERSONAL DE DONANTE
9 234219
a Lázaro García, José
e Donante
942 ## - ELEMENTOS DE ENTRADA SECUNDARIOS (KOHA)
Tipo de ítem Koha Libro impreso
Suprimir en OPAC No
Holdings
Estatus retirado Estado de pérdida Fuente del sistema de clasificación o colocación Estado de daño No para préstamo Biblioteca de origen Biblioteca actual Ubicación en estantería Fecha de adquisición Fuente de adquisición Total de préstamos Signatura topográfica completa Código de barras Visto por última vez Precio de reemplazo Tipo de ítem Koha
    Clasificación decimal universal     Biblioteca del Ateneo de Madrid Biblioteca del Ateneo de Madrid Depósito J 02/09/2025 Donación   N-10635 2025-1134 02/09/2025 02/09/2025 Libro impreso